书目信息 |
| 题名: |
重建历史唯物主义
|
|
| 作者: | 尤尔根·哈贝马斯 著 ;郭官义 译 | |
| 分册: | ||
| 出版信息: | 北京 社会科学文献出版社 2000.12 |
|
| 页数: | 362页 | |
| 开本: | 20cm | |
| 丛书名: | 社会理论译丛 | |
| 单 册: | ||
| 中图分类: | B03-53 | |
| 科图分类: | ||
| 主题词: | 历史唯物主义--研究 | |
| 电子资源: | ||
| ISBN: | 7-80149-405-9 | |
| 000 | 00799nam0 2200253 45 | |
| 001 | 0211050905 | |
| 005 | 20031219104059.8 | |
| 010 | @a7-80149-405-9@dCNY22.00 | |
| 100 | @a20021105d2000 km y0chiy0120 ea | |
| 101 | 0 | @achi@cger |
| 105 | @a z 001yy | |
| 200 | 1 | @a重建历史唯物主义@AChong Jian Li Shi Wei Wu Zhu Yi@f(德)尤尔根·哈贝马斯著@F(De)You Er Gen·Ha Bei Ma Si Zhu@g郭官义译 |
| 210 | @a北京@c社会科学文献出版社@d2000.12 | |
| 215 | @a362页@d20cm | |
| 225 | @a社会理论译丛 | |
| 305 | @a本书根据舒坎普出版社1976年版译出. | |
| 320 | @a书末附人名索引 | |
| 410 | @12001 @a社会理论译丛 | |
| 606 | 0 | @a历史唯物主义@x研究 |
| 690 | @aB03-53@v4 | |
| 701 | 0 | @a尤尔根·哈贝马斯@4著 |
| 702 | 0 | @a郭官义@AGuo Guan Yi@4译 |
| 801 | @aCN@bTSTC@c20021105 | |
| 905 | @b316840-844@dB03-53@e28@f5 | |
| 重建历史唯物主义/(德)尤尔根·哈贝马斯著/郭官义译.-北京:社会科学文献出版社,2000.12 |
| 362页;20cm.-(社会理论译丛) |
| ISBN 7-80149-405-9:CNY22.00 |
| ● |
| 相关链接 |
|
|
|
|
正题名:重建历史唯物主义
索取号:B03-53/28
 
预约/预借
| 序号 | 登录号 | 条形码 | 馆藏地/架位号 | 状态 | 备注 |
| 1 | 0316840 | 203168400 | 密集书库/ [索取号:B03-53/28] | 在馆 | |
| 2 | 0316841 | 203168419 | 第一借阅区/ [索取号:B03-53/28] | 在馆 | |
| 3 | 0316842 | 203168428 | 密集书库/ [索取号:B03-53/28] | 在馆 | |
| 4 | 0316843 | 203168437 | 第一借阅区/ [索取号:B03-53/28] | 在馆 | |
| 5 | 0316844 | 203168446 | 第一样本阅览室/ [索取号:B03-53/28] | 在馆 |